01507cam a2200373 a 4500001001400000003000800014005001700022006001900039007001500058008004100073020003800114040003000152049002600182050002300208082001700231245011000248260002800358300003800386504005100424520023400475521001700709588004700726650002400773650003000797650002700827650002900854655002900883700002000912710001600932776003500948856011500983942001601098999001901114EDZ0000064274StDuBDS20161031105117.0m||||||||d||||||||cr |||||||||||120327s2003 enk fo| 001|0|eng d a9781446220375 (ebook) :cNo price aStDuBDSbengcStDuBDSepn aAlfaisal Main Library 0aGN495.6b.D53 200304a305.800322300aDictionary of race, ethnicity and cultureh[electronic resource] /cedited by Guido Bolaffi ... [et al.]. aLondon :bSAGE,cc2003. a1 online resource (xviii, 355 p.) aIncludes bibliographical references and index.8 aRace, ethnicity and culture are concepts that are interpreted in various and often contradictory ways. This dictionary provides the historical background and etymology of a wide range of words related to these concepts and ideas. aSpecialized. aDescription based on print version record. 0aRacevDictionaries. 0aMinoritiesvDictionaries. 0aCulturevDictionaries. 0aEthnicityvDictionaries. 7aElectronic books.2local1 aBolaffi, Guido.2 aSage eBooks08iPrint version :z978076196900640uhttp://ezproxy.alfaisal.edu/login?url=http://sk.sagepub.com/reference/dictionary-of-race-ethnicity-and-culture 2lcccEBOOKS c479518d479518